000 00686nas a2200229 i 4500
001 1741
003 ES-MaACL
005 20250724062549.0
007 t|
008 950801d19131931fr | | 1 ||re d
022 _a1256-1479
245 0 3 _aLa Renaissance
_b: politique, littéraire et artistique /
_cdir. Henry Lapauze.
260 _aParis :
_bPresse Française,
_c1913-1931.
300 _a5 v. ;
_c32 cm.
310 _aSemanal
362 0 _a1re année, n° 1 (1913, 8 nov.)-19e année, n° 15 (1931, 27 juin)
650 7 _aCultura
_2embne
_9170963
700 1 _aLapauze, Henry,
_edir.
_970138
852 _aES-MaACL
_jHem-500
866 0 _o1921-1925.
999 _c1741
_d1741